LEADER 02356nam0 2200457 i 450 001 RAV0221217 005 20231121125639.0 010 $a8871070372 020 $aIT$b93-5673 100 $a19951106d1993 ||||0itac50 ba 101 | $aita 102 $ait 181 1$6z01$ai $bxxxe 182 1$6z01$an 200 1 $a˜La œgestione automatizzata del materiale minore$fBiblioteca nazionale centrale, Firenze$ga cura di Alessandro Sardelli ... \et al.! 210 $aRoma$cIstituto centrale per il catalogo unico$aMilano$cBibliografica $d\1993! 215 $a62 p.$d24 cm. 225 | $aContributi e proposte$v1 410 0$1001RAV0221225$12001 $aContributi e proposte$v1 606 $aPubblicazioni minori$xGestione$2FIR$3RMLC051103$9I 606 $aPubblicazioni minori$xGestione$xAutomazione$2FIR$3RMLC059716$9I 676 $a025.172$9$v20 702 1$aSardelli$b, Alessandro$3LO1V017514 710 02$aBiblioteca nazionale centrale di Firenze$3CFIV004270$4070$0285420 791 02$aR. Biblioteca nazionale centrale$c $3CFIV238852$zBiblioteca nazionale centrale di Firenze 791 02$aBNCF$3CFIV270061$zBiblioteca nazionale centrale di Firenze 791 02$aBiblioteca nazionale centrale$c $3CFIV270072$zBiblioteca nazionale centrale di Firenze 801 3$aIT$bIT-01$c19951106 850 $aIT-RM028 $aIT-RM0290 $aIT-RM0313 $aIT-RM0281 $aIT-RM0460 $aIT-FR0098 $aIT-RM0526 899 $aBiblioteca Universitaria Alessandrina$bRM028 899 $aBIBLIOTECA ANGELICA$bRM0290 899 $aBIBLIOTECA CASANATENSE$bRM0313 899 $aBIBLIOTECA VALLICELLIANA$bRM0281 899 $aBiblioteca Dell' Archivio Centrale Dello Stato$bRM0460 899 $aBiblioteca Area Giuridico Economica$bFR0098 899 $aBiblioteca dell?Istituto Centrale per il Patrimonio Immateriale$bRM0526 912 $aRAV0221217 950 0$aBiblioteca Area Giuridico Economica$d 53IMP 025.172/1$e 53VM 0000096345 VM barcode:ECO008607. - Inventario:5469. - Fondo:Sala referenceVM$fA $h20000510$i20121204 977 $a 01$a 06$a 07$a 08$a 27$a 53$a 58 996 $aGestione automatizzata del materiale minore$9634610 997 $aUNICAS